| 000 | 00339nam a2200145Ia 4500 | ||
|---|---|---|---|
| 008 | 230917s9999||||xx |||||||||||||| ||und|| | ||
| 040 |
_e48200 _aMAIN |
||
| 041 | _aEnglish | ||
| 082 | _a843.8 G361C | ||
| 100 | _aGide, Andre | ||
| 245 | 0 | _aCounter feiters | |
| 260 |
_aMiddlesex _bPenguin Books _c1975 |
||
| 300 | _a345 p. | ||
| 942 | _cBK | ||
| 999 |
_c161087 _d161087 |
||